000 00609nam a2200181 i 4500
001 185211
003 ES-MaACL
005 20250903084346.0
008 160412s1907 fr |||| | fre d
110 2 _aOctave Doin, Éditeur.
_9159345
245 1 0 _aCatalogue général par ordre alphabétique
_b: médicine, sciences, horticulture, arboriculture.
260 _aParis :
_bOctave Doin,
_c1907.
300 _a102 p. ;
_c24 cm.
650 4 _aCatálogos de editores-
_zFrancia
_912068
650 7 _aCatálogos de editores-
_yS.XX
_2
_9169795
852 _aES-MaACL
_j1513-F-1
999 _c185211
_d185211